Siegfried

Αποθηκεύτηκε σε:
Λεπτομέρειες βιβλιογραφικής εγγραφής
Συλλογικό Έργο: Metropolitan Opera (New York, N.Y.), Metropolitan Opera (New York, N.Y.). Orchestra
Άλλοι συγγραφείς: Wagner, Richard, 1813-1883, Levine, James (Διευθυντής ορχήστρας), Jerusalem, Siegfried (Ερμηνευτής), Morris, James (Ερμηνευτής), Zednik, Heinz (Ερμηνευτής)
Μορφή: Βίντεο VHS
Γλώσσα:German
English
Δημοσίευση: Hamburg : Deutsche Grammophon, p1991, c1990
Θέματα:
Ετικέτες: Προσθήκη ετικέτας
Δεν υπάρχουν, Καταχωρήστε ετικέτα πρώτοι!

MARC

LEADER 00000 gm a2200000 i 4500
001 1/72273
007 vf cbaho
008 050225s1991 ge gerod
035 |l 10076772 
040 |a GR-MY-UA  |b gre  |e aacr 
041 0 |a ger  |j eng 
082 0 |a 792.5  |2 (21 έκδ.) 
245 1 0 |a Siegfried  |h [μαγνητοσκόπηση] /  |c Richard Wagner ; Metropolitan Opera Orchestra ; conductor James Levine 
260 |a Hamburg :   |b Deutsche Grammophon,   |c p1991, c1990 
300 |a 2 βιντεοκασέτες (253 λεπτ.);  |b ομιλ., έγχρ.;  |c 1/2 ίν.+  |e 2 φυλλάδια 
500 |a Στα γερμανικά με υπότιτλους στα αγγλικά 
508 |a Stge production Otto Schenk ; video director Brian Large ; audio producer Jay David Saks 
511 |a Siegfried Jerusalem ; James Morris ; Heinz Zednik ; Hildegard Behrens ; Ekkehard Wlaschiha ; Birgitta Svenden ; Dawn Upshaw ; Matti Salminen ; the Metropolitan Opera Orchestra 
538 |a VHS 
650 0 0 |a Operas. 
700 1 |a Wagner, Richard,   |d 1813-1883. 
700 1 |a Levine, James.  |4 cnd 
700 1 |a Jerusalem, Siegfried.  |4 prf 
700 1 |a Morris, James.  |4 prf 
700 1 |a Zednik, Heinz.  |4 prf 
710 2 |a Metropolitan Opera (New York, N.Y.) 
710 2 |a Metropolitan Opera (New York, N.Y.).  |b Orchestra. 
852 |a INST  |b RHODES  |c AV  |e 20050225  |h 792.5 SIE  |p 005400017717  |q 005400017717  |t VC  |y 23  |z vc.1 
852 |a INST  |b RHODES  |c AV  |e 20050225  |h 792.5 SIE  |p 005400017718  |q 005400017718  |t VC  |y 23  |z vc.2 
852 |a INST  |b RHODES  |c AV  |e 20050225  |h 792.5 SIE  |p 005400017717  |q 005400017717  |t VC  |v vc.1:  |y 23  |z vc.1 
852 |a INST  |b RHODES  |c AV  |e 20050225  |h 792.5 SIE  |p 005400017718  |q 005400017718  |t VC  |v vc.2:  |y 23  |z vc.2 
853 |a INST  |b RHODES  |c AV  |h 792.5 SIE 
901 |a BIBL4-2005-1 
909 |a Ρ  |b 110511 
909 |a Ρ  |b 110512 
922 |a 4  |b 199502  |c ΒΙΒΛΙΟΘΗΚΗ 
970 |a ΣΜΠΙΛΗ  |b ΕΛΕΝΗ  |z 2005/02/25